Catálogo
Digital

Catálogo
Digital

Infancia, juventud y migraciones (Record no. 14395)

MARC details
000 -CABECERA
campo de control de longitud fija 01959nam a2200277 4500
003 - IDENTIFICADOR DEL NÚMERO DE CONTROL
campo de control EC-UNACH
006 - CÓDIGOS DE INFORMACIÓN DE LONGITUD FIJA--CARACTERÍSTICAS DEL MATERIAL ADICIONAL
campo de control de longitud fija s||||gr|||| 00| 00
008 - DATOS DE LONGITUD FIJA--INFORMACIÓN GENERAL
campo de control de longitud fija 150116t9999 mx r gr 000 0 spa d
020 ## - NÚMERO INTERNACIONAL ESTÁNDAR DEL LIBRO
Número Internacional Estándar del Libro 978-84-323-1482-7
040 ## - FUENTE DE LA CATALOGACIÓN
Centro catalogador/agencia de origen EC-UNACH
Centro/agencia transcriptor EC-UNACH
041 ## - CÓDIGO DE LENGUA
Código de lengua del texto/banda sonora o título independiente spa
082 04 - NÚMERO DE LA CLASIFICACIÓN DECIMAL DEWEY
Número de edición 23
Número de clasificación 304.82
Número de documento/Ítem L017418
100 ## - ENTRADA PRINCIPAL--NOMBRE DE PERSONA
Nombre de persona Revilla, Marisa
245 ## - MENCIÓN DE TÍTULO
Título Infancia, juventud y migraciones
Resto del título Una mirada para la cooperación internacional
250 ## - MENCIÓN DE EDICIÓN
Mención de edición Primera Edición (en esta presentación)
264 ## - Producción, publicación, distribución, fabricación y copyright
Lugar de producción, publicación, distribución, fabricación Madrid
Nombre del de productor, editor, distribuidor, fabricante Siglo XXI Editores
Fecha de de producción, publicación, distribución, fabricación o copyright 2011
300 ## - DESCRIPCIÓN FÍSICA
Extensión 408 p.
Otras características físicas ilustraciones
Dimensiones 23 cm.
500 ## - NOTA GENERAL
Nota general Bajo la Coordinación de María Revilla y la Cooperación de la Fundación Carolina, se reúne un prestigioso equipo de expertos en el campo de la infancia y las migraciones cuyos resultados se recogen en este libro
501 ## - NOTA DE "CON"
Nota de “Con” La especial vulnerabilidad a las que están expuestas la infancia y la juventud en los procesos migratorios constituye un reto para las políticas de desarrollo de los países de origen y de destino.
505 ## - NOTA DE CONTENIDO CON FORMATO
Nota de contenido con formato 1. Marcos para el análisis.- 2. Un enfoque jurídico sobre los menores extranjeros.- 3. Migraciones de la infancia y la juventud: el género sí cuenta.- 4. La migración en España durante la primera década del siglo XXI.- 5. Los menores en contextos migratorios, evolución estadística del fenómeno.- 6. Una misma luna en la distancia. Hijos e hijas que permanecen en Colombia.- 7. Me quede en Marruecos. Hijos e hijas de familias inmigradas en origen, una nueva mirada.- 8. Hacia un modelo garantista de retorno de los menores migrantes no acompañados.- 9. Migración, infancia y desarrollo referencias y experiencias para la cooperación Española.- 10. Infancia, juventud y migraciones: consideraciones finales.- Anexo. Relación de Autores
942 ## - ELEMENTOS DE PUNTO DE ACCESO ADICIONAL (KOHA)
Fuente del sistema de clasificación o colocación Clasificación Decimal Dewey
Tipo de ítem Koha Libros
999 ## - NÚMEROS DE CONTROL DE SISTEMA (KOHA)
Koha biblionumber 14395
Holdings
Estado de pérdida Fuente del sistema de clasificación o colocación Estado dañado No para préstamo Localización permanente Ubicación/localización actual Ubicación en estantería Fecha de adquisición Número de inventario Total de préstamos Signatura topográfica completa Código de barras Fecha visto por última vez Precio válido a partir de Tipo de ítem Koha Centro de costos
  Clasificación Decimal Dewey     Biblioteca Campus Sur Biblioteca Campus Sur Pedagogía de la Historia y las Ciencias Sociales 13/03/2026 39933087   304.82 REV L017418 L017418 13/03/2026 13/03/2026 Libros  

Powered by Koha